[Event "EYCC 2017"]
[Site "Mamaia"]
[Date "2017.09.11"]
[Round "6"]
[White "Zotova, Anastasia"]
[Black "Shpanko, Nadiia"]
[Result "0-1"]
[WhiteElo "2009"]
[BlackElo "2065"]
[Annotator "NA RC"]
[PlyCount "118"]
[EventDate "2017.??.??"]
[EventType "swiss"]
[EventCountry "ROU"]
[SourceTitle "playchess.com"]
[Source "ChessBase"]
[SourceQuality "1"]
[TimeControl "40/5400+30:1800+30"]

1. e4 {[%emt 0:00:00]} Nf6 {[%emt 0:00:05]} 2. Nc3 {[%emt 0:00:57]} d5 {[%emt 0:00:06]} 3. exd5 {[%emt 0:00:25]} Nxd5 {[%emt 0:00:06]} 4. Bc4 {[%emt 0:00:33]} e6 {[%emt 0:00:29]} 5. Nf3 {[%emt 0:02:42]} Nxc3 {[%emt 0:00:56]} 6. bxc3 {[%emt 0:00:11]} Be7 {[%emt 0:00:10]} 7. O-O {[%emt 0:00:27]} O-O {[%emt 0:00:47]} 8. d4 {[%emt 0:00:18]} c5 {[%emt 0:02:07]} 9. Qe2 {[%emt 0:02:50]} Nc6 {[%emt 0:05:39]} 10. Rd1 {[%emt 0:01:06]} Qc7 {[%emt 0:01:20]} 11. Bd3 {[%emt 0:04:27]} cxd4 {[%emt 0:06:10]} 12. cxd4 {[%emt 0:00:25]} Nb4 {[%emt 0:00:32]} 13. Ba3 {[%emt 0:02:55]} Nxd3 {[%emt 0:04:12]} 14. Bxe7 {[%emt 0:08:02]} Nf4 {[%emt 0:03:18]} 15. Qe5 {[%emt 0:01:33]} Nh3+ {[%emt 0:01:45]} 16. gxh3 {[%emt 0:00:14]} Qxe7 {[%emt 0:00:03]} 17. d5 {[%emt 0:00:28]} f6 {[%emt 0:05:41]} 18. d6 {[%emt 0:01:47]} Qf7 {[%emt 0:01:02]} 19. Qe4 {[%emt 0:07:44]} e5 {[%emt 0:03:10]} 20. Rab1 {[%emt 0:06:17]} Rb8 {[%emt 0:05:53]} 21. Rb3 {[%emt 0:09:36]} Be6 {[%emt 0:05:38]} 22. Ra3 {[%emt 0:01:49]} b6 {[%emt 0:03:43]} 23. Nh4 {[%emt 0:07:59]} Rfc8 {[%emt 0:12:17]} 24. Nf5 {[%emt 0:11:18]} Qg6+ {[%emt 0:00:57]} 25. Ng3 {[%emt 0:00:02]} Qxe4 {[%emt 0:02:22]} 26. Nxe4 {[%emt 0:00:00]} a5 {[%emt 0:02:40]} 27. Rd2 {[%emt 0:03:54]} Rc6 {[%emt 0:02:25]} 28. Nc3 {[%emt 0:07:30]} Rd8 {[%emt 0:02:54]} 29. Ne4 {[%emt 0:02:44]} Bf5 {[%emt 0:00:57]} 30. Ng3 {[%emt 0:01:09]} Bxc2 {[%emt 0:01:59]} 31. d7 {[%emt 0:00:55]} Kf7 {[%emt 0:07:52]} 32. Re3 {[%emt 0:02:21]} Rc7 {[%emt 0:00:56]} 33. Rd6 {[%emt 0:00:13]} Rb7 {[%emt 0:03:42]} 34. Rc3 {[%emt 0:00:45]} Ba4 {[%emt 0:01:10]} 35. Ra3 {[%emt 0:00:58]} Rdxd7 {[%emt 0:01:15]} 36. Nf5 {[%emt 0:00:19]} Bc2 {[%emt 0:00:32]} 37. Rxd7+ {[%emt 0:00:11]} Rxd7 {[%emt 0:00:02]} 38. Ne3 {[%emt 0:00:01]} Bd3 {[%emt 0:03:17]} 39. Rb3 {[%emt 0:00:00]} b5 {[%emt 0:00:00]} 40. a3 {[%emt 0:00:00]} Bc4 {[%emt 0:01:48]} 41. Rb2 {[%emt 0:02:36]} Bd3 {[%emt 0:02:03]} 42. Nd1 {[%emt 0:02:46]} Rc7 {[%emt 0:03:23]} 43. Kg2 {[%emt 0:01:05]} Rc2 {[%emt 0:01:12]} 44. Rb3 {[%emt 0:00:35]} Bc4 {[%emt 0:00:16]} 45. Rb1 {[%emt 0:00:09]} Ra2 {[%emt 0:01:00]} 46. Nc3 {[%emt 0:00:18]} Rxa3 {[%emt 0:00:11]} 47. Nxb5 Bd5+ {[%emt 0:00:49]} 48. Kg1 {[%emt 0:00:22]} Rb3 {[%emt 0:00:46]} 49. Rxb3 {[%emt 0:00:19]} Bxb3 {[%emt 0:00:02]} 50. Kg2 {[%emt 0:00:08]} Ke6 {[%emt 0:00:48]} 51. Kf3 {[%emt 0:00:06]} a4 {[%emt 0:01:03]} 52. Ke3 {[%emt 0:00:08]} Kd5 {[%emt 0:00:40]} 53. f4 {[%emt 0:00:10]} exf4+ {[%emt 0:00:22]} 54. Kxf4 {[%emt 0:00:01]} Kc5 {[%emt 0:00:28]} 55. Na3 {[%emt 0:00:09]} Kb4 {[%emt 0:00:07]} 56. Nb1 {[%emt 0:00:03]} a3 {[%emt 0:00:06]} 57. Nxa3 {[%emt 0:00:07]} Kxa3 {[%emt 0:00:01]} 58. h4 {[%emt 0:00:07]} Kb4 {[%emt 0:00:07]} 59. h5 {[%emt 0:00:08]} Be6 {[%emt 0:00:08]} 0-1

[Event "EYCC 2017"]
[Site "Mamaia"]
[Date "2017.09.11"]
[Round "6"]
[White "Miroshnik, Ekaterina"]
[Black "Slaba, Andrea"]
[Result "1-0"]
[WhiteElo "2006"]
[BlackElo "1840"]
[Annotator "NA RC"]
[PlyCount "125"]
[EventDate "2017.??.??"]
[EventType "swiss"]
[EventCountry "ROU"]
[SourceTitle "playchess.com"]
[Source "ChessBase"]
[SourceQuality "1"]
[TimeControl "40/5400+30:1800+30"]

1. d4 {[%emt 0:00:00]} Nf6 {[%emt 0:00:07]} 2. c4 {[%emt 0:00:00]} g6 {[%emt 0:00:10]} 3. Nc3 {[%emt 0:00:00]} Bg7 {[%emt 0:00:07]} 4. e4 {[%emt 0:00:00]} d6 {[%emt 0:00:09]} 5. Be2 {[%emt 0:00:00]} O-O {[%emt 0:00:13]} 6. Bg5 {[%emt 0:00:01]} Nbd7 {[%emt 0:01:11]} 7. Qd2 {[%emt 0:01:04]} c6 {[%emt 0:02:34]} 8. Nf3 {[%emt 0:04:01]} Qc7 {[%emt 0:02:47]} 9. Bh6 {[%emt 0:04:35]} e5 {[%emt 0:01:47]} 10. Bxg7 {[%emt 0:01:22]} Kxg7 {[%emt 0:00:08]} 11. O-O {[%emt 0:04:54]} Nh5 {[%emt 0:06:23]} 12. g3 {[%emt 0:04:17]} Ndf6 {[%emt 0:03:03]} 13. dxe5 {[%emt 0:02:45]} dxe5 {[%emt 0:00:11]} 14. Rfd1 {[%emt 0:00:15]} Ng4 {[%emt 0:06:56]} 15. h3 {[%emt 0:08:17]} Ngf6 {[%emt 0:00:17]} 16. Kg2 {[%emt 0:00:46]} Bd7 {[%emt 0:09:04]} 17. Qg5 {[%emt 0:13:57]} Rfe8 {[%emt 0:00:56]} 18. Qe3 {[%emt 0:02:14]} h6 {[%emt 0:11:09]} 19. c5 {[%emt 0:03:05]} Kh7 {[%emt 0:04:16]} 20. Nd2 {[%emt 0:06:04]} Be6 {[%emt 0:02:02]} 21. Nc4 {[%emt 0:03:42]} Bxc4 {[%emt 0:00:44]} 22. Bxc4 {[%emt 0:00:08]} Rad8 {[%emt 0:02:17]} 23. b4 {[%emt 0:00:19]} b5 {[%emt 0:01:48]} 24. cxb6 {[%emt 0:05:25]} axb6 {[%emt 0:00:06]} 25. a4 {[%emt 0:00:59]} Rxd1 {[%emt 0:01:00]} 26. Rxd1 {[%emt 0:00:27]} Rc8 {[%emt 0:02:09]} 27. Bb3 {[%emt 0:10:59]} c5 {[%emt 0:10:05]} 28. Nb5 {[%emt 0:01:19]} Qe7 {[%emt 0:01:11]} 29. Nd6 {[%emt 0:10:07]} Rf8 {[%emt 0:05:26]} 30. bxc5 {[%emt 0:00:10]} bxc5 {[%emt 0:00:05]} 31. Qxc5 {[%emt 0:01:09]} Nd7 {[%emt 0:01:58]} 32. Qc6 {[%emt 0:01:33]} Nhf6 {[%emt 0:01:51]} 33. Qc7 {[%emt 0:01:37]} Kg7 {[%emt 0:06:30]} 34. a5 {[%emt 0:00:43]} Qd8 {[%emt 0:00:59]} 35. Qxd8 {[%emt 0:04:13]} Rxd8 {[%emt 0:00:05]} 36. a6 {[%emt 0:00:42]} Ra8 {[%emt 0:00:36]} 37. Bc4 {[%emt 0:00:18]} Nc5 {[%emt 0:01:08]} 38. Ra1 {[%emt 0:02:59]} Ncd7 {[%emt 0:02:10]} 39. a7 {[%emt 0:01:33]} Nb6 {[%emt 0:00:45]} 40. Bb5 {[%emt 0:00:00]} Rd8 {[%emt 0:03:06]} 41. Nc4 {[%emt 0:03:19]} Na8 {[%emt 0:00:06]} 42. Bc6 {[%emt 0:00:45]} Nc7 {[%emt 0:01:34]} 43. a8=Q {[%emt 0:03:02]} Nxa8 {[%emt 0:00:07]} 44. Rxa8 {[%emt 0:00:29]} Rd4 {[%emt 0:00:35]} 45. Nxe5 {[%emt 0:00:22]} Nxe4 {[%emt 0:00:08]} 46. Bxe4 {[%emt 0:01:25]} Rxe4 {[%emt 0:00:07]} 47. Ng4 {[%emt 0:00:25]} Re6 {[%emt 0:00:44]} 48. Ra5 {[%emt 0:01:11]} Re7 {[%emt 0:00:45]} 49. f4 {[%emt 0:00:17]} Rb7 {[%emt 0:00:47]} 50. Kf3 {[%emt 0:00:13]} Rb3+ {[%emt 0:00:24]} 51. Ne3 {[%emt 0:00:08]} Rb1 {[%emt 0:00:40]} 52. f5 {[%emt 0:00:43]} Rb3 {[%emt 0:00:53]} 53. fxg6 {[%emt 0:01:53]} fxg6 {[%emt 0:00:41]} 54. Ra4 {[%emt 0:00:05]} Rb7 {[%emt 0:00:59]} 55. Nd5 {[%emt 0:01:31]} Rb3+ {[%emt 0:00:26]} 56. Kf4 {[%emt 0:02:53]} Rb7 {[%emt 0:02:21]} 57. Rc4 {[%emt 0:00:14]} Rf7+ {[%emt 0:01:01]} 58. Ke4 {[%emt 0:00:40]} Rf1 {[%emt 0:01:19]} 59. Rc7+ {[%emt 0:00:42]} Kh8 {[%emt 0:01:22]} 60. Ke5 {[%emt 0:00:54]} Re1+ {[%emt 0:00:09]} 61. Kf6 {[%emt 0:00:46]} Rg1 {[%emt 0:00:45]} 62. Kf7 {[%emt 0:00:17]} h5 {[%emt 0:00:28]} 63. Nf6 {[%emt 0:00:12]} 1-0

[Event "EYCC 2017"]
[Site "Mamaia"]
[Date "2017.09.11"]
[Round "6"]
[White "Gitu, Paula-Alexandra"]
[Black "Limanovska, Elizabete"]
[Result "1-0"]
[WhiteElo "1948"]
[BlackElo "2071"]
[Annotator "NA RC"]
[PlyCount "127"]
[EventDate "2017.??.??"]
[EventType "swiss"]
[EventCountry "ROU"]
[SourceTitle "playchess.com"]
[Source "ChessBase"]
[SourceQuality "1"]
[TimeControl "40/5400+30:1800+30"]

1. e4 {[%emt 0:00:00]} c5 {[%emt 0:00:03]} 2. Nc3 {[%emt 0:00:00]} Nc6 {[%emt 0:00:05]} 3. g3 {[%emt 0:00:00]} g6 {[%emt 0:00:49]} 4. Bg2 {[%emt 0:00:05]} Bg7 {[%emt 0:00:09]} 5. d3 {[%emt 0:00:24]} e6 {[%emt 0:07:05]} 6. f4 {[%emt 0:01:11]} d6 {[%emt 0:03:29]} 7. Nf3 {[%emt 0:01:02]} Nge7 {[%emt 0:02:45]} 8. O-O {[%emt 0:06:12]} d5 {[%emt 0:04:59]} 9. e5 {[%emt 0:03:32]} a6 {[%emt 0:13:12]} 10. Ne2 {[%emt 0:09:32]} O-O {[%emt 0:03:01]} 11. c3 {[%emt 0:07:44]} Bd7 {[%emt 0:03:49]} 12. Be3 {[%emt 0:13:05]} Rc8 {[%emt 0:06:31]} 13. g4 {[%emt 0:25:17]} b6 {[%emt 0:14:13]} 14. Ng3 {[%emt 0:02:52]} f6 {[%emt 0:14:32]} 15. exf6 {[%emt 0:13:46]} Bxf6 {[%emt 0:00:06]} 16. d4 {[%emt 0:00:06]} cxd4 {[%emt 0:02:04]} 17. cxd4 {[%emt 0:00:04]} Nb4 {[%emt 0:03:15]} 18. Rf2 {[%emt 0:01:31]} Qc7 {[%emt 0:07:15]} 19. Rc1 {[%emt 0:02:18]} Qb7 {[%emt 0:01:31]} 20. Rxc8 {[%emt 0:03:47]} Rxc8 {[%emt 0:01:25]} 21. a3 {[%emt 0:00:11]} Nbc6 {[%emt 0:00:08]} 22. Ne5 {[%emt 0:01:21]} Nxe5 {[%emt 0:02:19]} 23. fxe5 {[%emt 0:00:06]} Bg7 {[%emt 0:00:11]} 24. Rc2 {[%emt 0:03:28]} Nc6 {[%emt 0:03:15]} 25. Bf1 {[%emt 0:04:00]} Na5 {[%emt 0:01:01]} 26. Qc1 {[%emt 0:00:53]} b5 {[%emt 0:01:13]} 27. Rxc8+ {[%emt 0:00:08]} Qxc8 {[%emt 0:00:03]} 28. Qxc8+ {[%emt 0:00:07]} Bxc8 {[%emt 0:00:03]} 29. b4 {[%emt 0:00:28]} Nc4 {[%emt 0:01:12]} 30. Bc1 {[%emt 0:01:17]} Bd7 {[%emt 0:01:41]} 31. Kf2 {[%emt 0:00:27]} Bf8 {[%emt 0:00:45]} 32. Bxc4 {[%emt 0:00:25]} bxc4 {[%emt 0:01:14]} 33. Ne2 {[%emt 0:00:30]} Kf7 {[%emt 0:01:20]} 34. g5 {[%emt 0:00:24]} Ke8 {[%emt 0:00:52]} 35. Ke1 {[%emt 0:00:20]} Kd8 {[%emt 0:00:11]} 36. Kd2 {[%emt 0:00:07]} Kc7 {[%emt 0:01:40]} 37. Kc3 {[%emt 0:00:46]} Kb6 {[%emt 0:00:27]} 38. Kb2 {[%emt 0:00:10]} a5 {[%emt 0:00:38]} 39. Bd2 {[%emt 0:01:09]} axb4 {[%emt 0:00:20]} 40. Bxb4 {[%emt 0:00:00]} Bg7 {[%emt 0:00:31]} 41. Nc3 {[%emt 0:05:14]} Be8 {[%emt 0:07:51]} 42. Nd1 {[%emt 0:00:19]} h5 {[%emt 0:01:22]} 43. Nc3 {[%emt 0:07:40]} Bd7 {[%emt 0:00:09]} 44. Ne2 {[%emt 0:00:04]} Be8 {[%emt 0:00:11]} 45. Nf4 {[%emt 0:00:18]} Bf7 {[%emt 0:00:05]} 46. a4 {[%emt 0:00:56]} Ka6 {[%emt 0:01:54]} 47. Ka3 {[%emt 0:00:05]} Kb6 {[%emt 0:01:05]} 48. Bc5+ {[%emt 0:00:21]} Kb7 {[%emt 0:00:35]} 49. Kb4 {[%emt 0:00:07]} Ka6 {[%emt 0:00:09]} 50. Bd6 {[%emt 0:15:10]} Kb6 {[%emt 0:01:30]} 51. Be7 {[%emt 0:00:06]} Ka6 {[%emt 0:02:14]} 52. Bc5 {[%emt 0:00:06]} Kb7 {[%emt 0:01:28]} 53. Ka5 {[%emt 0:00:05]} Kc6 {[%emt 0:01:50]} 54. Bd6 {[%emt 0:00:48]} Kb7 {[%emt 0:00:23]} 55. Ne2 {[%emt 0:00:38]} Be8 {[%emt 0:01:37]} 56. Nc3 {[%emt 0:00:05]} Ka7 {[%emt 0:01:58]} 57. Na2 {[%emt 0:01:38]} Bc6 {[%emt 0:02:20]} 58. Nb4 {[%emt 0:00:10]} Bd7 {[%emt 0:00:09]} 59. Na6 {[%emt 0:04:14]} Be8 {[%emt 0:00:05]} 60. Nc5 {[%emt 0:00:40]} Bf7 {[%emt 0:00:14]} 61. Be7 {[%emt 0:00:39]} Kb8 {[%emt 0:02:21]} 62. Kb6 {[%emt 0:00:38]} Ka8 {[%emt 0:00:22]} 63. Bd6 {[%emt 0:00:33]} c3 {[%emt 0:01:22]} 64. Ka6 1-0

[Event "EYCC 2017"]
[Site "Mamaia"]
[Date "2017.09.11"]
[Round "6"]
[White "Stepanyan, Eva"]
[Black "Matasaru, Stephanie"]
[Result "1-0"]
[WhiteElo "1927"]
[BlackElo "1662"]
[Annotator "NA"]
[PlyCount "55"]
[EventDate "2017.??.??"]
[EventType "swiss"]
[EventCountry "ROU"]
[SourceTitle "playchess.com"]
[Source "ChessBase"]
[SourceQuality "1"]
[TimeControl "40/5400+30:1800+30"]

1. e4 {[%emt 0:00:00]} c5 {[%emt 0:00:06]} 2. Nf3 {[%emt 0:00:00]} d6 {[%emt 0:00:05]} 3. d4 {[%emt 0:00:00]} cxd4 {[%emt 0:00:06]} 4. Nxd4 {[%emt 0:00:00]} Nf6 {[%emt 0:00:07]} 5. Nc3 {[%emt 0:00:00]} g6 {[%emt 0:00:09]} 6. Be3 {[%emt 0:00:20]} Bg7 {[%emt 0:00:11]} 7. f3 {[%emt 0:00:11]} O-O {[%emt 0:00:17]} 8. Qd2 {[%emt 0:00:05]} Nc6 {[%emt 0:00:18]} 9. O-O-O {[%emt 0:00:28]} d5 {[%emt 0:02:19]} 10. exd5 {[%emt 0:00:17]} Nxd5 {[%emt 0:00:30]} 11. Nxc6 {[%emt 0:00:08]} bxc6 {[%emt 0:00:08]} 12. Bd4 {[%emt 0:00:43]} e5 {[%emt 0:11:18]} 13. Bc5 {[%emt 0:00:27]} Be6 {[%emt 0:07:25]} 14. Ne4 {[%emt 0:02:10]} Re8 {[%emt 0:09:55]} 15. Bc4 {[%emt 0:08:36]} Qd7 {[%emt 0:10:15]} 16. Bb3 {[%emt 0:03:57]} Red8 {[%emt 0:01:47]} 17. h4 {[%emt 0:15:24]} Qc7 {[%emt 0:08:51]} 18. Qf2 {[%emt 0:04:41]} Nf4 {[%emt 0:09:54]} 19. Kb1 {[%emt 0:17:28]} Bxb3 {[%emt 0:02:13]} 20. axb3 {[%emt 0:01:38]} Nd5 {[%emt 0:03:00]} 21. h5 {[%emt 0:04:31]} Nf6 {[%emt 0:08:45]} 22. hxg6 {[%emt 0:02:45]} fxg6 {[%emt 0:06:50]} 23. Rxd8+ {[%emt 0:04:43]} Qxd8 {[%emt 0:01:27]} 24. Qh4 {[%emt 0:02:47]} Nxe4 {[%emt 0:02:42]} 25. Qxh7+ {[%emt 0:01:51]} Kf7 {[%emt 0:00:10]} 26. fxe4 {[%emt 0:00:31]} Qa5 {[%emt 0:03:10]} 27. Rf1+ {[%emt 0:01:01]} Ke6 {[%emt 0:01:04]} 28. Qxg6+ {[%emt 0:00:26]} 1-0

[Event "EYCC 2017"]
[Site "Mamaia"]
[Date "2017.09.11"]
[Round "6"]
[White "Cramling Bellon, Anna"]
[Black "Antova, Gabriela"]
[Result "0-1"]
[WhiteElo "1926"]
[BlackElo "2256"]
[Annotator "NA"]
[PlyCount "63"]
[EventDate "2017.??.??"]
[EventType "swiss"]
[EventCountry "ROU"]
[SourceTitle "playchess.com"]
[Source "ChessBase"]
[SourceQuality "1"]
[TimeControl "40/5400+30:1800+30"]

1. d4 {[%emt 0:00:00]} Nf6 {[%emt 0:00:06]} 2. c4 {[%emt 0:00:00]} e6 {[%emt 0:00:05]} 3. Nc3 {[%emt 0:00:00]} Bb4 {[%emt 0:00:08]} 4. Qc2 {[%emt 0:01:29]} O-O {[%emt 0:00:09]} 5. e4 {[%emt 0:01:52]} d5 {[%emt 0:02:58]} 6. e5 {[%emt 0:00:14]} Ne4 {[%emt 0:00:07]} 7. Bd3 {[%emt 0:00:25]} c5 {[%emt 0:00:27]} 8. cxd5 {[%emt 0:03:43]} exd5 {[%emt 0:00:43]} 9. Nge2 {[%emt 0:05:04]} cxd4 {[%emt 0:05:35]} 10. Nxd4 {[%emt 0:00:07]} Nd7 {[%emt 0:00:59]} 11. f4 {[%emt 0:03:27]} Qh4+ {[%emt 0:07:08]} 12. g3 {[%emt 0:01:14]} Qh3 {[%emt 0:09:06]} 13. Bd2 {[%emt 0:07:49]} Nxd2 {[%emt 0:10:42]} 14. Qxd2 {[%emt 0:00:19]} Nc5 {[%emt 0:00:46]} 15. Bc2 {[%emt 0:23:41]} Bg4 {[%emt 0:06:37]} 16. a3 {[%emt 0:19:11]} Bxc3 {[%emt 0:01:37]} 17. bxc3 {[%emt 0:00:09]} Ne4 {[%emt 0:14:28]} 18. Bxe4 {[%emt 0:03:19]} dxe4 {[%emt 0:00:12]} 19. Qf2 {[%emt 0:02:32]} Rac8 {[%emt 0:05:55]} 20. Rc1 {[%emt 0:03:54]} Rfd8 {[%emt 0:04:11]} 21. Kd2 {[%emt 0:02:00]} Qh6 {[%emt 0:05:38]} 22. Qf1 {[%emt 0:10:16]} Bf3 {[%emt 0:05:55]} 23. Qb5 {[%emt 0:05:23]} Bxh1 {[%emt 0:02:48]} 24. Rxh1 {[%emt 0:00:01]} e3+ {[%emt 0:00:28]} 25. Kxe3 {[%emt 0:01:59]} Rxc3+ {[%emt 0:00:12]} 26. Kf2 {[%emt 0:01:21]} Rxa3 {[%emt 0:07:52]} 27. e6 {[%emt 0:02:59]} fxe6 {[%emt 0:01:50]} 28. Qc4 {[%emt 0:00:04]} Qf6 {[%emt 0:00:37]} 29. Rd1 {[%emt 0:01:13]} Re8 {[%emt 0:02:09]} 30. Qc7 {[%emt 0:00:41]} Qf7 {[%emt 0:00:58]} 31. Qc4 {[%emt 0:00:32]} e5 {[%emt 0:00:54]} 32. Qxf7+ 0-1

[Event "EYCC 2017"]
[Site "Mamaia"]
[Date "2017.09.11"]
[Round "6"]
[White "Zhukov, Ivan"]
[Black "Babazada, Khazar"]
[Result "0-1"]
[WhiteElo "1893"]
[BlackElo "2122"]
[Annotator "TA"]
[PlyCount "114"]
[EventDate "2017.??.??"]
[EventType "swiss"]
[EventCountry "ROU"]
[SourceTitle "playchess.com"]
[Source "ChessBase"]
[SourceQuality "1"]

{[%evp 15,114,47,75,29,13,12,33,18,20,0,21,13,15,11,27,24,26,21,20,14,69,72,85,82,137,128,125,122,152,132,164,156,139,13,12,10,20,14,24,0,88,0,0,0,0,0,0,0,0,0,0,-3,-1,-2,-4,0,0,0,0,-81,-75,-97,-122,-109,-124,-125,-124,-177,-188,-211,-208,-187,-205,-399,-387,-380,-318,-302,-298,-5306,-909,-1343,-673,-1149,-1102,-29976,-29978,-29976,-29978,-29976,-29947,-29984,-29985,-29980,-6179,-29980,-29982,-29980,-29981,-29978,-29979]} 1. e4 g6 2. d4 Bg7 3. Nc3 c6 4. Nf3 d6 5. a4 Nf6 6. Be2 O-O 7. O-O Qc7 8. Bg5 h6 {LiveBook: 3 Games. B08: Pirc Defence: Classical System} 9. Bh4 (9. Be3 e5 10. dxe5 dxe5 11. Bc4 Qe7 12. h3 Nbd7 13. Qc1 Kh7 14. b3 Nb6 15. Bd3 Nh5 16. a5 {0-1 (57) Rahman,Z (2511)-Petrosian,T (2651) Al Ain 2014}) 9... Nh5 10. Re1 $146 ({Predecessor:} 10. Qd2 e5 11. Rfd1 Nf4 12. dxe5 Nxe2+ 13. Nxe2 dxe5 14. Bd8 Qd7 15. Qb4 Qe6 16. Rd6 {1-0 (32) Ushacov,V (2135)-Abramov,B (2214) Kemerovo 2009}) 10... Nf4 {The position is equal.} 11. Bc4 e5 12. Qd2 Be6 13. Bxe6 Nxe6 14. d5 $36 {[%mdl 2048] White fights for an advantage.} Nd4 15. Nxd4 exd4 16. Ne2 c5 17. Bg3 Kh7 (17... Nd7 $11) 18. c3 $14 dxc3 19. Nxc3 a6 (19... Rd8 $142) 20. e5 $1 $16 {[%cal Re5e6]} dxe5 21. d6 Qa5 22. Bxe5 Nc6 23. Bxg7 Kxg7 24. Qf4 (24. d7 $16) 24... Qb4 $11 25. Qxb4 cxb4 26. Ne4 Rfe8 27. Nc5 Rxe1+ 28. Rxe1 {[%mdl 4096] Endgame KRN-KRN} b6 $1 {[%cal Rb6c5]} 29. Nd7 Rd8 30. Nxb6 {Threatens to win with d7.} Rxd6 {Hoping for ...Na5.} 31. Nc4 Rd4 (31... Rd5 {keeps more tension.} 32. Kf1 h5 33. g3 Rc5 34. Ne3 Ne5) 32. Rc1 Nd8 33. Ne3 Ne6 34. g3 Rd2 35. Nc4 $1 {[%cal Rc4d2]} Rd3 36. Na5 Rd5 37. Nc6 (37. Nb3 $11 {keeps the balance.}) 37... b3 $1 $17 38. Rc3 Rc5 39. Rxc5 Nxc5 {KN-KN} 40. a5 Kf6 $1 41. Kf1 {[#]} (41. f4 $17) 41... Ke6 $1 $19 42. f4 Kd5 43. Ne5 {[#]} f6 $1 {[%cal Rf6e5]} 44. Nxg6 $2 (44. Ng4 {is the only way for White.}) 44... Na4 45. Ke2 Nxb2 46. Ne7+ Kc4 47. h4 $2 (47. Kd2 Kb4 48. Nd5+ Ka3 49. Ne3) 47... h5 (47... Na4 $142 48. Kd2 b2) 48. Nf5 Kb4 49. Ne3 f5 50. Nxf5 Nc4 51. Kd3 b2 52. Kc2 Ka3 53. Nd4 Ka2 54. Kc3 Na3 55. Nc6 Nb5+ {Black mates.} 56. Kc4 b1=Q 57. Nb4+ Ka3 {Precision: White = 41%, Black = 75%.} 0-1

[Event "EYCC 2017"]
[Site "Mamaia"]
[Date "2017.09.11"]
[Round "6"]
[White "Han, Yichen"]
[Black "Nastore, Pavel-Alexandru"]
[Result "1-0"]
[WhiteElo "1884"]
[BlackElo "1714"]
[Annotator "NA"]
[PlyCount "93"]
[EventDate "2017.??.??"]
[EventType "swiss"]
[EventCountry "ROU"]
[SourceTitle "playchess.com"]
[Source "ChessBase"]
[SourceQuality "1"]
[TimeControl "40/5400+30:1800+30"]

1. e4 {[%emt 0:00:00]} c5 {[%emt 0:00:12]} 2. Nf3 {[%emt 0:00:00]} d6 {[%emt 0:00:11]} 3. d4 {[%emt 0:00:00]} cxd4 {[%emt 0:00:08]} 4. Nxd4 {[%emt 0:00:00]} Nf6 {[%emt 0:00:10]} 5. Nc3 {[%emt 0:00:19]} a6 {[%emt 0:00:06]} 6. Be3 {[%emt 0:00:18]} e5 {[%emt 0:00:09]} 7. Nb3 {[%emt 0:00:04]} Be6 {[%emt 0:00:05]} 8. f3 {[%emt 0:00:09]} Be7 {[%emt 0:00:55]} 9. Qd2 {[%emt 0:00:11]} h5 {[%emt 0:00:16]} 10. Nd5 {[%emt 0:01:03]} Bxd5 {[%emt 0:00:47]} 11. exd5 {[%emt 0:00:07]} Nbd7 {[%emt 0:00:57]} 12. Be2 {[%emt 0:00:38]} Rc8 {[%emt 0:05:10]} 13. O-O {[%emt 0:03:10]} O-O {[%emt 0:01:19]} 14. Na5 {[%emt 0:02:42]} Qc7 {[%emt 0:00:20]} 15. c4 {[%emt 0:00:27]} Bd8 {[%emt 0:34:35]} 16. b4 {[%emt 0:04:06]} Qb8 {[%emt 0:00:16]} 17. Nb3 {[%emt 0:00:36]} Bb6 {[%emt 0:23:47]} 18. Bxb6 {[%emt 0:04:14]} Nxb6 {[%emt 0:02:17]} 19. Rfc1 {[%emt 0:00:38]} Rfd8 {[%emt 0:02:52]} 20. a4 {[%emt 0:04:08]} Nbd7 {[%emt 0:01:15]} 21. Bd3 {[%emt 0:04:31]} Rc7 {[%emt 0:07:19]} 22. Rc2 {[%emt 0:06:57]} Re8 {[%emt 0:04:34]} 23. Re1 {[%emt 0:01:41]} Qa7+ {[%emt 0:08:09]} 24. Qf2 {[%emt 0:01:25]} Qxf2+ {[%emt 0:00:57]} 25. Kxf2 {[%emt 0:00:02]} g6 {[%emt 0:02:07]} 26. h3 {[%emt 0:01:00]} Kg7 {[%emt 0:02:20]} 27. Ke3 {[%emt 0:01:01]} h4 {[%emt 0:01:42]} 28. Nd2 {[%emt 0:00:20]} b6 29. Rec1 {[%emt 0:00:27]} Kf8 {[%emt 0:01:11]} 30. Nb3 {[%emt 0:03:45]} Rec8 {[%emt 0:00:26]} 31. Be4 {[%emt 0:07:58]} Nxe4 {[%emt 0:00:55]} 32. fxe4 {[%emt 0:00:04]} Ke7 {[%emt 0:00:22]} 33. Kd3 {[%emt 0:00:06]} f5 {[%emt 0:00:11]} 34. a5 {[%emt 0:01:20]} bxa5 {[%emt 0:00:55]} 35. Nxa5 {[%emt 0:00:05]} fxe4+ {[%emt 0:00:23]} 36. Kxe4 {[%emt 0:00:13]} Nf6+ {[%emt 0:00:07]} 37. Kd3 {[%emt 0:00:13]} Nh5 {[%emt 0:00:34]} 38. c5 {[%emt 0:01:04]} Nf6 {[%emt 0:00:54]} 39. cxd6+ {[%emt 0:00:28]} Kxd6 {[%emt 0:00:07]} 40. Nc4+ {[%emt 0:00:00]} Rxc4 {[%emt 0:00:23]} 41. Rxc4 {[%emt 0:00:20]} Rxc4 {[%emt 0:08:54]} 42. Kxc4 {[%emt 0:02:05]} Nd7 {[%emt 0:03:46]} 43. Ra1 {[%emt 0:02:13]} Nb8 {[%emt 0:04:23]} 44. Ra2 {[%emt 0:00:43]} g5 {[%emt 0:00:19]} 45. Ra1 {[%emt 0:00:18]} e4 {[%emt 0:00:25]} 46. Kd4 {[%emt 0:00:06]} e3 {[%emt 0:00:04]} 47. Re1 {[%emt 0:00:33] Kxd5+ Ke4+} 1-0